[Event "FB21 2324 SC Rotation Pankow - SC Kreuzb"]
[Site "?"]
[Date "2023.12.10"]
[Round "3.2"]
[White "Wagner-Michel, Annett"]
[Black "Bolon, Karelle"]
[Result "0-1"]
[WhiteElo "2026"]
[BlackElo "1896"]
[PlyCount "96"]
[EventDate "2023.??.??"]

1. e4 c5 2. Nf3 e6 3. d4 cxd4 4. Nxd4 a6 5. Nc3 b5 6. a3 Qc7 7. Bd3 Nf6 8. O-O Bb7 9. Qe2 d6 10. Kh1 Be7 11. f4 Nbd7 12. Bd2 O-O 13. Rae1 g6 14. Nf3 e5 15. f5 Rfe8 16. fxg6 hxg6 17. Bg5 Kg7 18. Nh4 Rh8 19. Rf2 Rh5 20. Bxf6+ Nxf6 21. g3 Qd7 22. Qf3 Qg4 23. Ref1 Qxf3+ 24. Nxf3 Rah8 25. Nd2 Bc8 26. Be2 Rh3 27. Rg2 Be6 28. Nd1 d5 29. Nf2 R3h7 30. Bf3 dxe4 31. Ndxe4 Nxe4 32. Bxe4 f5 33. Bb7 Rb8 34. Bf3 e4 35. Be2 Bd5 36. Nd1 Bc5 37. Nc3 Bc6 38. g4 Kf6 39. gxf5 g5 40. Bg4 Rh4 41. b4 Bd4 42. Ne2 Be5 43. c3 Rbh8 44. Nd4 Rxh2+ 45. Rxh2 Rxh2+ 46. Kg1 Bb7 47. Bd1 Rh3 48. Ne2 e3 0-1

[Event "FB21 2324 SC Rotation Pankow - SC Kreuzb"]
[Site "?"]
[Date "2023.12.10"]
[Round "3.3"]
[White "Fock, Amina"]
[Black "Jahn, Constanze"]
[Result "1-0"]
[WhiteElo "1865"]
[BlackElo "2042"]
[PlyCount "143"]
[EventDate "2023.??.??"]

1. e4 c5 2. Nf3 e6 3. d4 cxd4 4. Nxd4 a6 5. Nc3 Nc6 6. Be2 Qc7 7. O-O b5 8. Nxc6 dxc6 9. Be3 Nf6 10. a3 Bb7 11. f4 c5 12. Bf3 Rd8 13. Qe2 Be7 14. e5 Nd5 15. Nxd5 Bxd5 16. Bxd5 Rxd5 17. c4 bxc4 18. Qxc4 Qb7 19. b4 cxb4 20. axb4 O-O 21. Rxa6 Rc8 22. Rb6 Qd7 23. Qa6 h6 24. Rb7 Rc7 25. Rxc7 Qxc7 26. Rc1 Qd7 27. Qc8+ Kh7 28. Qxd7 Rxd7 29. b5 Rd3 30. Kf2 Rb3 31. b6 Bd8 32. Rc6 g5 33. g3 gxf4 34. gxf4 Kg6 35. Rd6 Rb2+ 36. Kf3 Bxb6 37. Rxb6 Rxh2 38. Rb1 Rh3+ 39. Ke4 h5 40. Rg1+ Kh7 41. Rg5 Kh6 42. Bc5 Rh1 43. Bf8+ Kh7 44. Rg7+ Kh8 45. Rxf7 Kg8 46. Rf6 h4 47. Bc5 h3 48. Rg6+ Kf7 49. Rg1 Rh2 50. Kf3 Rc2 51. Bf2 Rc3+ 52. Kg4 Rc2 53. Kg3 Rc3+ 54. Kh2 Rc2 55. Rf1 Kg6 56. Kxh3 Kf5 57. Bg3 Rd2 58. Rc1 Rd7 59. Rc8 Ke4 60. Rg8 Kf3 61. Rg4 Rh7+ 62. Rh4 Rg7 63. Bh2 Rg6 64. Rh5 Ke4 65. Rg5 Rh6+ 66. Kg3 Rh7 67. Rg6 Kd5 68. Bg1 Rb7 69. Kg4 Rb1 70. Bf2 Rb2 71. Bg3 Rb3 72. f5 1-0

[Event "FB21 2324 SC Rotation Pankow - SC Kreuzb"]
[Site "?"]
[Date "2023.12.10"]
[Round "3.4"]
[White "Seils, Gudula"]
[Black "Guder, Sibylle"]
[Result "1-0"]
[WhiteElo "2019"]
[BlackElo "1820"]
[PlyCount "99"]
[EventDate "2023.??.??"]

1. c4 e5 2. Nc3 Nf6 3. g3 Nc6 4. Bg2 Bc5 5. e3 O-O 6. Nge2 d6 7. O-O a6 8. d4 exd4 9. exd4 Ba7 10. h3 Re8 11. Be3 Ne7 12. Bg5 Nd7 13. Nf4 h6 14. Bxe7 Rxe7 15. Ncd5 Re8 16. Qd3 c6 17. Ne3 Nf8 18. Rad1 Bd7 19. Rfe1 Qf6 20. b3 Bb6 21. Nc2 Bf5 22. Be4 Rxe4 23. Rxe4 g5 24. Nh5 Qg6 25. g4 Bxe4 26. Qxe4 Nd7 27. Re1 Qxe4 28. Rxe4 Kf8 29. Ne3 Re8 30. Rxe8+ Kxe8 31. Nf5 d5 32. Nd6+ Ke7 33. Nf5+ Ke6 34. c5 Bd8 35. Kg2 Nf8 36. Kf3 Ng6 37. Nhg7+ Kf6 38. Ne8+ Ke6 39. Nxh6 Nh4+ 40. Ke3 Be7 41. Ng7+ Kf6 42. Nhf5 Nxf5+ 43. Nxf5 Bd8 44. f4 b5 45. fxg5+ Kxg5 46. Kf3 a5 47. h4+ Kg6 48. Kf4 f6 49. h5+ Kf7 50. Nd6+ 1-0

[Event "FB21 2324 SC Rotation Pankow - SC Kreuzb"]
[Site "?"]
[Date "2023.12.10"]
[Round "3.5"]
[White "Khuong, Thi Hong Nhung"]
[Black "Wolf, Sylvia"]
[Result "1-0"]
[WhiteElo "1953"]
[BlackElo "1999"]
[PlyCount "97"]
[EventDate "2023.??.??"]

1. d4 Nf6 2. c4 c5 3. e3 e6 4. Nf3 d5 5. Qc2 cxd4 6. exd4 Bb4+ 7. Bd2 Bxd2+ 8. Nbxd2 Nc6 9. c5 O-O 10. Bb5 Ne7 11. O-O Bd7 12. Bd3 Nc6 13. a3 Qc7 14. Bb5 Ne7 15. Bd3 Nc6 16. Qc3 Qf4 17. Rfe1 Rfe8 18. b4 a6 19. a4 e5 20. dxe5 d4 21. Nxd4 Nd5 22. Ne2 Qxb4 23. Qc2 Nxe5 24. Bxh7+ Kh8 25. Be4 Bc6 26. Rab1 Qa5 27. Bxd5 Bxd5 28. Nc3 Qxc5 29. Re3 Kg8 30. Qf5 f6 31. Rg3 Re6 32. Rxb7 Bxb7 33. Qxe6+ Kf8 34. Rh3 Ng6 35. Rg3 Re8 36. Qb3 Re1+ 37. Nf1 Be4 38. Nxe4 Rxe4 39. Rxg6 Rb4 40. Qd1 Rb2 41. Qe1 Qc2 42. Rg3 Rb1 43. Qc3 Qd1 44. Qc8+ Kf7 45. Qc4+ Kf8 46. h4 a5 47. Qd3 Qxd3 48. Rxd3 Ra1 49. Rd4 1-0

[Event "FB21 2324 SC Rotation Pankow - SC Kreuzb"]
[Site "?"]
[Date "2023.12.10"]
[Round "3.6"]
[White "Heyme, Sibylle"]
[Black "Mazurtsova, Margarita"]
[Result "1-0"]
[WhiteElo "1996"]
[BlackElo "1682"]
[PlyCount "167"]
[EventDate "2023.??.??"]

1. e4 e6 2. d4 d5 3. exd5 exd5 4. Bd3 Bd6 5. Be3 Ne7 6. Nf3 O-O 7. Nc3 c6 8. O-O Nf5 9. Bg5 f6 10. Bd2 Qc7 11. h3 a5 12. Re1 Na6 13. a3 b5 14. Qe2 Qb6 15. Be3 Bd7 16. Qd2 Nxe3 17. fxe3 Bg3 18. Rf1 Qc7 19. Ne2 Rfe8 20. Nxg3 Qxg3 21. Qf2 Qxf2+ 22. Kxf2 Nc7 23. Rfe1 Re7 24. c3 Rae8 25. a4 Ra8 26. e4 dxe4 27. Bxe4 Rae8 28. Bc2 Rxe1 29. Nxe1 b4 30. cxb4 axb4 31. Rd1 Nd5 32. Bb3 Be6 33. Nd3 Nb6 34. Bxe6+ Rxe6 35. b3 Nd5 36. Re1 Kf7 37. a5 Rxe1 38. Kxe1 Ke7 39. a6 Kd7 40. Nxb4 Nb6 41. Kd2 Kc7 42. Kd3 Nc8 43. d5 cxd5 44. Nxd5+ Kc6 45. Kd4 Kb5 46. Nc7+ Kb6 47. Ne8 g6 48. Nxf6 h5 49. Nd7+ Kxa6 50. Kc5 Ne7 51. b4 Nf5 52. Ne5 g5 53. b5+ Kb7 54. Nf7 Ne3 55. Nxg5 Nxg2 56. Ne6 Ne1 57. b6 Nd3+ 58. Kb5 Ne5 59. Nd8+ Kc8 60. Ne6 Kb7 61. Nc5+ Kc8 62. b7+ Kc7 63. Ka6 Nc6 64. Ne6+ Kb8 65. Kb6 Ne5 66. Nc5 Nc4+ 67. Kb5 Nd6+ 68. Kc6 Nxb7 69. Nxb7 Kc8 70. Nc5 Kd8 71. Kd6 Ke8 72. Ke6 Kf8 73. Kf6 Kg8 74. Kg6 h4 75. Nd3 Kh8 76. Ne5 Kg8 77. Nf3 Kh8 78. Nxh4 Kg8 79. Nf3 Kh8 80. Ng5 Kg8 81. h4 Kh8 82. h5 Kg8 83. Nf7 Kf8 84. h6 1-0

[Event "FB21 2324 SC Leipzig-Lindenau - SG Leipz"]
[Site "?"]
[Date "2023.12.10"]
[Round "3.2"]
[White "Spangenberg, Romy"]
[Black "Beltz, Martina"]
[Result "1/2-1/2"]
[WhiteElo "1841"]
[BlackElo "1906"]
[PlyCount "89"]
[EventDate "2023.??.??"]

1. e4 c5 2. Nf3 d6 3. d4 cxd4 4. Nxd4 Nf6 5. Nc3 e6 6. Bb5+ Bd7 7. Bxd7+ Nbxd7 8. O-O Be7 9. Qe2 a6 10. Be3 O-O 11. Rad1 Qc7 12. f4 b5 13. a3 Rac8 14. f5 e5 15. Nf3 Nb6 16. Bxb6 Qxb6+ 17. Kh1 b4 18. Nd5 Nxd5 19. Rxd5 bxa3 20. bxa3 Qb2 21. Qxa6 Rxc2 22. Rg1 Rfc8 23. Rd2 Qc3 24. Rxc2 Qxc2 25. Re1 h6 26. h3 Rc3 27. a4 Ra3 28. Qb7 Bf8 29. Qd5 Ra2 30. Rg1 Rxa4 31. Re1 Ra2 32. Rg1 Qf2 33. Qd3 Re2 34. Qb1 Re3 35. Re1 Rxe1+ 36. Qxe1 Qxe1+ 37. Nxe1 Be7 38. Nd3 Kf8 39. Nb4 Ke8 40. g4 Kd7 41. Kg2 Bd8 42. Kf3 Ba5 43. Nd5 Kc6 44. h4 Bd8 45. h5 1/2-1/2

[Event "FB21 2324 SC Leipzig-Lindenau - SG Leipz"]
[Site "?"]
[Date "2023.12.10"]
[Round "3.3"]
[White "Petri, Birgit"]
[Black "Herbrig, Marie-Helen"]
[Result "1-0"]
[WhiteElo "1969"]
[BlackElo "1858"]
[PlyCount "67"]
[EventDate "2023.??.??"]

1. e4 c5 2. Nf3 Nc6 3. d4 cxd4 4. Nxd4 Nf6 5. Nc3 d6 6. Bg5 e6 7. Qd2 h6 8. Bxf6 gxf6 9. O-O-O a6 10. Be2 h5 11. Kb1 Bd7 12. Rhe1 Rb8 13. f4 b5 14. Bf3 Na5 15. e5 fxe5 16. fxe5 Nc4 17. Qf2 Nxe5 18. Be2 Qc7 19. Ne4 Be7 20. Nf6+ Kd8 21. Bxh5 Rf8 22. Rxe5 dxe5 23. Nxd7 exd4 24. Nxb8 e5 25. Nxa6 Qb6 26. c3 Qxa6 27. cxd4 e4 28. Qf5 e3 29. Rc1 b4 30. Qe4 Rh8 31. Qe5 Bf6 32. Qc7+ Ke8 33. Qxf7+ Kd8 34. Qc7# 1-0

[Event "FB21 2324 SC Leipzig-Lindenau - SG Leipz"]
[Site "?"]
[Date "2023.12.10"]
[Round "3.4"]
[White "Lowke, Kathrin"]
[Black "Lobe, Sandra"]
[Result "1-0"]
[WhiteElo "1812"]
[BlackElo "1812"]
[PlyCount "109"]
[EventDate "2023.??.??"]

1. e4 g6 2. d4 Bg7 3. Nf3 d6 4. Nc3 Nf6 5. Bc4 O-O 6. h3 c6 7. Bb3 b5 8. a3 Qc7 9. O-O a6 10. Re1 e5 11. dxe5 dxe5 12. Bg5 Nbd7 13. Qd2 Nb6 14. Rad1 Bb7 15. Qc1 c5 16. Bd5 Nfd7 17. Bxb7 Qxb7 18. Nd5 f6 19. Be3 Rf7 20. Nxb6 Qxb6 21. Rd5 Bf8 22. Red1 Qc7 23. Qd2 Nb6 24. Rd8 Nc4 25. Qd5 Rxd8 26. Qxd8 Nxe3 27. fxe3 Qxd8 28. Rxd8 Rc7 29. Ra8 Rc6 30. Ra7 c4 31. Kf2 Bc5 32. Rb7 Re6 33. Rc7 Bf8 34. Nd2 Be7 35. Nb1 h5 36. Nc3 f5 37. Nd5 Bh4+ 38. g3 Bd8 39. Rd7 Ba5 40. exf5 gxf5 41. Ne7+ Kf8 42. Nxf5 Rf6 43. e4 Bb6+ 44. Ke2 h4 45. g4 Bc5 46. Rh7 a5 47. Rxh4 c3 48. b3 Bxa3 49. Rh7 Bc5 50. g5 Rg6 51. h4 a4 52. bxa4 bxa4 53. Rc7 Ra6 54. Rxc5 a3 55. g6 1-0

[Event "FB21 2324 SC Leipzig-Lindenau - SG Leipz"]
[Site "?"]
[Date "2023.12.10"]
[Round "3.5"]
[White "Oswald, Lena"]
[Black "Spangenberg, Pia"]
[Result "1-0"]
[WhiteElo "1840"]
[BlackElo "1789"]
[PlyCount "87"]
[EventDate "2023.??.??"]

1. e4 d5 2. exd5 Nf6 3. Nc3 Nxd5 4. Bc4 c6 5. Qf3 Nf6 6. h3 Nbd7 7. Bb3 e5 8. d3 Bb4 9. Bd2 O-O 10. O-O-O Nc5 11. g4 Nxb3+ 12. cxb3 Be6 13. Qg3 Re8 14. Nge2 Nd7 15. Ne4 Bxd2+ 16. Rxd2 a5 17. f4 a4 18. f5 Bd5 19. g5 f6 20. gxf6 Nxf6 21. Rg1 Qe7 22. Qxg7+ Qxg7 23. Nxf6+ Kf7 24. Rxg7+ Kxg7 25. Nxe8+ Rxe8 26. bxa4 Bxa2 27. Kc2 Bd5 28. Nc3 Kf6 29. Ne4+ Ke7 30. Rg2 Rf8 31. Rg7+ Rf7 32. f6+ Ke6 33. Rxf7 Kxf7 34. Nd6+ Kxf6 35. Nxb7 Kg5 36. Nc5 Kh4 37. a5 Kxh3 38. a6 h5 39. a7 h4 40. a8=Q Kg2 41. Qh8 h3 42. Qg7+ Kh1 43. Ne4 h2 44. Nf2# 1-0

[Event "FB21 2324 SC Leipzig-Lindenau - SG Leipz"]
[Site "?"]
[Date "2023.12.10"]
[Round "3.6"]
[White "Mai, Mariella"]
[Black "Oswald, Hannah"]
[Result "1/2-1/2"]
[WhiteElo "1667"]
[BlackElo "1820"]
[PlyCount "89"]
[EventDate "2023.??.??"]

1. Nf3 Nf6 2. g3 e6 3. Bg2 d5 4. d4 c5 5. c3 Nc6 6. O-O Be7 7. Nbd2 O-O 8. Qc2 Qb6 9. Nb3 Ne4 10. e3 Bd7 11. Nbd2 Nd6 12. dxc5 Qxc5 13. e4 Bf6 14. Nb3 Qb6 15. Be3 Qc7 16. Nc5 dxe4 17. Nxe4 Nxe4 18. Qxe4 h6 19. Rfd1 Rfd8 20. Bf1 Ne7 21. Bd3 Nf5 22. Bf4 Qb6 23. Qe2 Rac8 24. Ne5 Ba4 25. Rd2 Qc5 26. Re1 a6 27. Nxf7 Kxf7 28. Qxe6+ Kf8 29. Qxf5 Qxf5 30. Bxf5 Rxd2 31. Bxd2 Rd8 32. Be3 Bc6 33. Bc5+ Kg8 34. Bg6 Rd2 35. Ba3 Rd5 36. h4 Rd2 37. Be4 Bxe4 38. Rxe4 Rd1+ 39. Kg2 Ra1 40. Re8+ Kf7 41. Rb8 b5 42. Ra8 Rxa2 43. Ra7+ Kg8 44. Bb4 Kh7 45. Ra8 1/2-1/2

[Event "FB21 2324 SG Leipzig - SC Kreuzberg"]
[Site "?"]
[Date "2024.01.20"]
[Round "4.1"]
[White "Von Herman, Brigitte"]
[Black "Gempe, Anet"]
[Result "1/2-1/2"]
[WhiteElo "1882"]
[BlackElo "1934"]
[PlyCount "32"]
[EventDate "2024.??.??"]

1. e4 e6 2. d4 d5 3. Nc3 Nf6 4. exd5 exd5 5. Bg5 c6 6. Qd2 Bd6 7. O-O-O O-O 8. Bd3 Nbd7 9. h4 Qc7 10. Nge2 b5 11. f3 a5 12. Rde1 a4 13. Bf4 b4 14. Nd1 Ba6 15. Bxd6 Qxd6 16. Qf4 Qxf4+ {=} 1/2-1/2

[Event "FB21 2324 SG Leipzig - SC Kreuzberg"]
[Site "?"]
[Date "2024.01.20"]
[Round "4.2"]
[White "Beltz, Martina"]
[Black "Skogvall, Martina"]
[Result "1-0"]
[WhiteElo "1904"]
[BlackElo "1974"]
[PlyCount "59"]
[EventDate "2024.??.??"]

1. d4 d5 2. Nf3 c6 3. e3 Nf6 4. Bd3 e6 5. Nbd2 Nbd7 6. b3 Bb4 7. Bb2 O-O 8. O-O Re8 9. Ne5 Bxd2 10. Qxd2 Ne4 11. Qe2 f6 12. f3 Ng3 13. hxg3 fxe5 14. dxe5 Nc5 15. Rad1 Qg5 16. f4 Qh6 17. g4 Nxd3 18. cxd3 Bd7 19. Ba3 b6 20. Bd6 c5 21. f5 g6 22. fxg6 Qxg6 23. Rf6 Qg5 24. Rdf1 Bb5 25. R1f4 Kh8 26. Qf1 Rg8 27. Rxe6 Bd7 28. Be7 Qxf4 29. Qxf4 Bxe6 30. Bf6+ 1-0

[Event "FB21 2324 SG Leipzig - SC Kreuzberg"]
[Site "?"]
[Date "2024.01.20"]
[Round "4.3"]
[White "Bolon, Karelle"]
[Black "Lobe, Sandra"]
[Result "1-0"]
[WhiteElo "1910"]
[BlackElo "1802"]
[PlyCount "79"]
[EventDate "2024.??.??"]

1. d4 Nf6 2. Nc3 d6 3. Bf4 g6 4. e4 Bg7 5. Qd2 O-O 6. O-O-O c6 7. f3 Qc7 8. Bh6 b5 9. g4 b4 10. Nce2 Qa5 11. Kb1 e5 12. dxe5 dxe5 13. h4 Be6 14. Nc1 c5 15. h5 Re8 16. Bxg7 Kxg7 17. hxg6 fxg6 18. Qh6+ Kg8 19. Rd6 Qc7 20. Rxe6 Rxe6 21. Bc4 Qe7 22. Bxe6+ Qxe6 23. g5 Nfd7 24. Qxh7+ Kf8 25. Rh6 Qf7 26. Qh8+ Qg8 27. Qxg8+ Kxg8 28. Rxg6+ Kf7 29. Rh6 Nf8 30. Nd3 Nbd7 31. Nh3 Kg7 32. Rc6 Rd8 33. Rd6 Rc8 34. f4 exf4 35. Nhxf4 Re8 36. Nh5+ Kf7 37. g6+ Ke7 38. g7 Ne6 39. Rd5 Rg8 40. Rxd7+ 1-0

[Event "FB21 2324 SG Leipzig - SC Kreuzberg"]
[Site "?"]
[Date "2024.01.20"]
[Round "4.4"]
[White "Oswald, Lena"]
[Black "Bazzazi, Elnaz"]
[Result "1-0"]
[WhiteElo "1849"]
[BlackElo "1770"]
[PlyCount "63"]
[EventDate "2024.??.??"]

1. e4 e5 2. Nf3 Nc6 3. Bc4 Bc5 4. c3 Nf6 5. d3 d6 6. O-O h6 7. Be3 Bb6 8. Nbd2 Be6 9. Bb3 Ne7 10. Re1 Ng6 11. Nf1 Qe7 12. Ng3 O-O 13. Qd2 Bxe3 14. fxe3 Bxb3 15. axb3 Qe6 16. c4 Ne7 17. Nh4 g6 18. Rf1 Nd7 19. d4 Qg4 20. Nf3 h5 21. Qc2 h4 22. Nh1 h3 23. Ng3 hxg2 24. Qxg2 exd4 25. h3 Qe6 26. exd4 Nb6 27. Ng5 Qc8 28. Rf4 f6 29. Nf3 Nd7 30. Rg4 c5 31. Nh5 cxd4 32. Rxg6+ 1-0

[Event "FB21 2324 SG Leipzig - SC Kreuzberg"]
[Site "?"]
[Date "2024.01.20"]
[Round "4.5"]
[White "Fock, Amina"]
[Black "Oswald, Hannah"]
[Result "1-0"]
[WhiteElo "1880"]
[BlackElo "1812"]
[PlyCount "29"]
[EventDate "2024.??.??"]

1. e4 e5 2. Nf3 Nc6 3. Bb5 Nge7 4. Nc3 g6 5. d4 exd4 6. Nd5 Nxd5 7. exd5 Qe7+ 8. Kf1 Qb4 9. Qe2+ Ne7 10. Bg5 Bg7 11. Re1 f6 12. a3 Qxe1+ 13. Kxe1 fxg5 14. Nxg5 h6 15. Ne6 1-0

[Event "FB21 2324 SG Leipzig - SC Kreuzberg"]
[Site "?"]
[Date "2024.01.20"]
[Round "4.6"]
[White "Ottlik, Marie"]
[Black "Fock, Sana"]
[Result "0-1"]
[WhiteElo "1452"]
[BlackElo "1796"]
[PlyCount "54"]
[EventDate "2024.??.??"]

1. e4 c5 2. Nf3 d6 3. d4 cxd4 4. Nxd4 Nf6 5. Nc3 a6 6. Be3 e5 7. Nb3 Be7 8. f3 Be6 9. Qd2 Nbd7 10. O-O-O O-O 11. g4 b5 12. h4 Qc7 13. Kb1 b4 14. Ne2 a5 15. h5 a4 16. Nbc1 b3 17. a3 bxc2+ 18. Qxc2 Qxc2+ 19. Kxc2 Rfc8+ 20. Kb1 Rab8 21. Rd3 d5 22. g5 dxe4 23. fxe4 Nxe4 24. Rg1 Ndc5 25. Bxc5 Bxc5 26. Rg2 Bc4 27. Rh3 Nd2+ 0-1

[Event "FB21 2324 SC Leipzig-Lindenau - SC Rota"]
[Site "?"]
[Date "2024.01.20"]
[Round "4.1"]
[White "Burchardt, Brigitte"]
[Black "Spangenberg, Romy"]
[Result "1-0"]
[WhiteElo "2139"]
[BlackElo "1843"]
[PlyCount "95"]
[EventDate "2024.??.??"]

1. e4 c5 2. Nc3 Nc6 3. g3 Nf6 4. Bg2 g6 5. b3 Bg7 6. Bb2 O-O 7. Nge2 d6 8. O-O e5 9. Nd5 b5 10. Nxf6+ Bxf6 11. Nc3 b4 12. Nd5 a5 13. f4 Bg7 14. f5 Bh8 15. d3 Ne7 16. Ne3 Ra7 17. Ng4 Re8 18. Bc1 d5 19. Be3 Qd6 20. Nh6+ Kf8 21. fxg6 Nxg6 22. Qh5 d4 23. Bg5 f6 24. Nf5 Bxf5 25. Rxf5 Kg8 26. Bd2 Rf8 27. a3 Ne7 28. Rf2 Ng6 29. Bh3 Qb6 30. axb4 cxb4 31. Bf5 Rc7 32. Bxg6 hxg6 33. Qxg6+ Rg7 34. Qf5 Rc7 35. Bh6 Bg7 36. Qg6 Kh8 37. Raf1 Rcf7 38. Bxg7+ Rxg7 39. Qh6+ Kg8 40. Rxf6 Rxf6 41. Rxf6 Qc7 42. Rc6 Qd7 43. Kg2 Qg4 44. Rf6 Qe2+ 45. Rf2 Qg4 46. Qf6 Qh5 47. Qf8+ Kh7 48. Qf5+ 1-0

[Event "FB21 2324 SC Leipzig-Lindenau - SC Rota"]
[Site "?"]
[Date "2024.01.20"]
[Round "4.2"]
[White "Herbrig, Marie-Helen"]
[Black "Wagner-Michel, Annett"]
[Result "0-1"]
[WhiteElo "1851"]
[BlackElo "2007"]
[PlyCount "176"]
[EventDate "2024.??.??"]

1. d4 d5 2. Bf4 Nf6 3. e3 e6 4. Bd3 Bd6 5. Bg5 h6 6. Bh4 Be7 7. Nd2 b6 8. Ngf3 Bb7 9. Ne5 O-O 10. O-O Nc6 11. Nxc6 Bxc6 12. a4 a5 13. Nf3 Nd7 14. Bg3 Bf6 15. c3 Re8 16. Qc2 e5 17. dxe5 Nxe5 18. Nd4 Bd7 19. Be2 g6 20. Rfd1 Qe7 21. Re1 c5 22. Nf3 Bf5 23. Qb3 Qb7 24. Rad1 Rad8 25. Nxe5 Bxe5 26. Bf3 Bxg3 27. hxg3 Be4 28. Bxe4 Rxe4 29. Re2 Qc6 30. Ra1 d4 31. cxd4 cxd4 32. Rc2 Qf6 33. exd4 Rexd4 34. Rc3 Rb4 35. Qc2 Qd4 36. b3 Qf6 37. Rf1 Qg5 38. Re3 Rbd4 39. Ree1 Qd5 40. Re3 Qd7 41. Rfe1 Rd2 42. Qc3 Qd4 43. Qc6 Kg7 44. Rf3 Rd1 45. Rxd1 Qxd1+ 46. Kh2 Qd4 47. Rf4 Rd6 48. Rxd4 Rxc6 49. b4 axb4 50. Rxb4 f5 51. Rb5 Kf6 52. a5 bxa5 53. Rxa5 Kg5 54. f3 h5 55. Kh3 Rc1 56. g4 h4 57. g3 hxg3 58. Kxg3 Rc3 59. Rb5 Rd3 60. Ra5 Kf6 61. gxf5 gxf5 62. Kf4 Rd4+ 63. Ke3 Rb4 64. Rc5 Kg5 65. Rc3 f4+ 66. Kf2 Rb2+ 67. Kf1 Kh4 68. Rd3 Kg3 69. Ke1 Kg2 70. Rc3 Rf2 71. Rd3 Rf1+ 72. Ke2 Rb1 73. Ra3 Rb5 74. Rd3 Re5+ 75. Kd2 Kf2 76. Kd1 Re3 77. Rd8 Kxf3 78. Rg8 Kf2 79. Kd2 Re6 80. Rg7 Rd6+ 81. Kc2 f3 82. Rg8 Rd4 83. Kc3 Rd5 84. Rg7 Ke3 85. Rf7 f2 86. Kc2 Rd4 87. Rf8 Rf4 88. Re8+ Kf3 0-1

[Event "FB21 2324 SC Leipzig-Lindenau - SC Rota"]
[Site "?"]
[Date "2024.01.20"]
[Round "4.3"]
[White "Jahn, Constanze"]
[Black "Lowke, Kathrin"]
[Result "1-0"]
[WhiteElo "2027"]
[BlackElo "1822"]
[PlyCount "47"]
[EventDate "2024.??.??"]

1. e4 c5 2. Nf3 e6 3. c3 Nf6 4. e5 Nd5 5. d4 Nc6 6. c4 Nb6 7. d5 Ne7 8. d6 Ng6 9. Nc3 f6 10. Ne4 Rb8 11. h4 h6 12. exf6 gxf6 13. h5 Ne5 14. Nxe5 fxe5 15. Qg4 Bxd6 16. Nxd6+ Ke7 17. Ne4 Qf8 18. Rh3 Kd8 19. Be3 d6 20. O-O-O Kc7 21. Nxd6 Bd7 22. Bxc5 Qf4+ 23. Qxf4 exf4 24. Nf7 1-0

[Event "FB21 2324 SC Leipzig-Lindenau - SC Rota"]
[Site "?"]
[Date "2024.01.20"]
[Round "4.4"]
[White "Lorenz, Nicole"]
[Black "Goehler, Antje"]
[Result "1/2-1/2"]
[WhiteElo "1879"]
[BlackElo "2069"]
[PlyCount "57"]
[EventDate "2024.??.??"]

1. e4 c5 2. Nf3 d6 3. Bb5+ Bd7 4. Bxd7+ Nxd7 5. O-O Ngf6 6. Re1 Qc7 7. c3 e6 8. d4 Be7 9. e5 dxe5 10. dxe5 Nd5 11. c4 Nb4 12. Nc3 a6 13. Qe2 O-O 14. b3 Rfd8 15. Bb2 Nf8 16. Rad1 Ng6 17. g3 Rxd1 18. Rxd1 Rd8 19. Rxd8+ Qxd8 20. Ne1 Nc6 21. f4 Nd4 22. Qd3 b5 23. cxb5 axb5 24. Nxb5 Nxb5 25. Qxb5 Qd2 26. Nd3 Qd1+ 27. Kg2 Qe2+ 28. Kg1 Qd1+ 29. Kg2 {=} 1/2-1/2

[Event "FB21 2324 SC Leipzig-Lindenau - SC Rota"]
[Site "?"]
[Date "2024.01.20"]
[Round "4.5"]
[White "Heyme, Sibylle"]
[Black "Spangenberg, Pia"]
[Result "1-0"]
[WhiteElo "1985"]
[BlackElo "1780"]
[PlyCount "51"]
[EventDate "2024.??.??"]

1. Nf3 d5 2. g3 Nf6 3. Bg2 Nbd7 4. d4 g6 5. O-O Bg7 6. c4 c6 7. cxd5 cxd5 8. Nc3 a6 9. Qb3 Nb6 10. Rd1 O-O 11. Ne5 e6 12. Be3 Nfd7 13. f4 Nxe5 14. dxe5 Nc4 15. Bc5 Re8 16. e4 Qc7 17. Bf2 dxe4 18. Nxe4 Na5 19. Qa3 Rd8 20. Rdc1 Nc6 21. Qb3 Bf8 22. Bb6 Qe7 23. Bxd8 Qxd8 24. Rd1 Qa5 25. Rac1 Rb8 26. Rxc6 1-0

[Event "FB21 2324 SC Leipzig-Lindenau - SC Rota"]
[Site "?"]
[Date "2024.01.20"]
[Round "4.6"]
[White "Kalkhof, Sandra"]
[Black "Mai, Iris"]
[Result "1/2-1/2"]
[WhiteElo "1865"]
[BlackElo "1948"]
[PlyCount "134"]
[EventDate "2024.??.??"]

1. e4 c5 2. Nf3 e6 3. d4 cxd4 4. Nxd4 a6 5. Bd3 Qc7 6. Be3 Nf6 7. O-O Nc6 8. c3 Ne5 9. h3 d5 10. exd5 Nxd5 11. Re1 Nxe3 12. Rxe3 Be7 13. Nf3 Nxd3 14. Rxd3 O-O 15. Nbd2 Bd7 16. c4 Rad8 17. b3 Bf6 18. Rc1 Bc6 19. Rxd8 Rxd8 20. Qe2 Qf4 21. Rc2 Qf5 22. Ne1 e5 23. Nf1 e4 24. Rd2 Re8 25. Ne3 Qc5 26. N1c2 Bc3 27. Rd1 a5 28. Nd5 f5 29. Nxc3 f4 30. Rd5 Bxd5 31. Nxd5 Qd6 32. Qg4 f3 33. Nce3 fxg2 34. Nf5 Qe5 35. Nh6+ Kf8 36. Qf5+ Qxf5 37. Nxf5 Re5 38. Nd4 a4 39. Kxg2 Rg5+ 40. Kf1 Kf7 41. b4 Rh5 42. Kg2 Rg5+ 43. Kh2 h5 44. Nc3 Re5 45. Nc2 h4 46. Ne3 Kg6 47. a3 Kg5 48. Kg2 Re6 49. b5 Kf4 50. Ned5+ Ke5 51. Nxa4 Kd4 52. Ne3 Rg6+ 53. Kf1 Rf6 54. Ke2 Rf3 55. c5 Ke5 56. Nb6 Rxh3 57. Nd7+ Ke6 58. c6 bxc6 59. bxc6 Kd6 60. Ne5 Rh1 61. N3c4+ Kc7 62. f3 exf3+ 63. Kxf3 Rg1 64. Kf2 Rg5 65. Nf3 Rf5 66. Kg2 g5 67. Nce5 Kd6 {=} 1/2-1/2

[Event "FB21 2324 SZ Seeblick Dippoldiswalde - S"]
[Site "?"]
[Date "2024.01.20"]
[Round "4.1"]
[White "von Erichsen, Annegret"]
[Black "Peglau, Charis"]
[Result "0-1"]
[WhiteElo "1968"]
[BlackElo "1984"]
[PlyCount "146"]
[EventDate "2024.03.26"]

1. Nc3 d5 2. e4 c6 3. f4 dxe4 4. Nxe4 Nd7 5. Qe2 Ndf6 6. Nf2 Nh6 7. Nf3 e6 8. Nd3 Bd6 9. Nfe5 Nf5 10. c3 Nd5 11. g3 h5 12. Bg2 h4 13. g4 Nfe7 14. O-O h3 15. Be4 Bd7 16. Nxd7 Qxd7 17. Ne5 Nxf4 18. Rxf4 Bxe5 19. Rf2 Nd5 20. d4 Bd6 21. Bg5 Be7 22. Bd2 Nf6 23. Bc2 Bd6 24. g5 Nd5 25. Raf1 f6 26. Re1 O-O-O 27. Qxe6 Qxe6 28. Rxe6 Kd7 29. Re1 fxg5 30. Rf7+ Kc8 31. Bxg5 Rdf8 32. Bf5+ Kb8 33. Rxf8+ Rxf8 34. Bg4 Bf4 35. Bxf4+ Nxf4 36. Re3 g6 37. Bxh3 Kc7 38. Bg4 Kd6 39. Re5 Rf6 40. b3 b6 41. Re8 Nd3 42. Rd8+ Kc7 43. Rd7+ Kb8 44. c4 Nf2 45. Be2 Nh3+ 46. Kh1 Rf2 47. Bg4 Nf4 48. h3 Rxa2 49. d5 cxd5 50. cxd5 Nd3 51. Rg7 Nf2+ 52. Kg1 Nxg4 53. hxg4 Rd2 54. Rxg6 Rxd5 55. g5 Rb5 56. Kg2 Rxb3 57. Rf6 Rb5 58. g6 Rg5+ 59. Kf3 Kb7 60. Rf7+ Kc6 61. g7 a5 62. Kf4 Rg1 63. Kf5 Kc5 64. Kf6 b5 65. Ra7 a4 66. Kf7 Kb4 67. g8=Q Rxg8 68. Kxg8 Ka3 69. Kf7 b4 70. Ke6 b3 71. Kd5 b2 72. Rb7 Ka2 73. Kc4 a3 0-1

[Event "FB21 2324 SZ Seeblick Dippoldiswalde - S"]
[Site "?"]
[Date "2024.01.20"]
[Round "4.2"]
[White "Peglau, Dora"]
[Black "Zarubinskaya, Irina"]
[Result "1-0"]
[WhiteElo "1917"]
[BlackElo "1730"]
[PlyCount "65"]
[EventDate "2024.03.26"]

1. c4 g6 2. Nc3 Bg7 3. g3 e6 4. Bg2 Ne7 5. d4 O-O 6. e4 c5 7. Nge2 cxd4 8. Nxd4 Nbc6 9. Be3 a6 10. O-O Nxd4 11. Bxd4 Bxd4 12. Qxd4 Nc6 13. Qd6 Qf6 14. f4 Qd4+ 15. Qxd4 Nxd4 16. Rad1 Nc6 17. c5 Rb8 18. Na4 e5 19. Nb6 exf4 20. gxf4 f5 21. Nxc8 Rfxc8 22. exf5 gxf5 23. Rxd7 Nb4 24. a3 Nc2 25. b4 Ne3 26. Rf2 b6 27. c6 Nxg2 28. Rxg2+ Kh8 29. c7 Ra8 30. Rgg7 Rg8 31. Rxg8+ Rxg8+ 32. Kf2 a5 33. Rd8 1-0

[Event "FB21 2324 SZ Seeblick Dippoldiswalde - S"]
[Site "?"]
[Date "2024.01.20"]
[Round "4.3"]
[White "Riemer-Nlula, Marion"]
[Black "Peglau, Mirjam"]
[Result "0-1"]
[WhiteElo "1824"]
[BlackElo "1874"]
[PlyCount "86"]
[EventDate "2024.03.26"]

1. e4 e6 2. d4 d5 3. exd5 exd5 4. Bd3 Bd6 5. Nd2 Ne7 6. Ne2 Bf5 7. Nf3 O-O 8. Ng3 Bg6 9. O-O c6 10. c4 dxc4 11. Bxc4 Nd7 12. Qb3 Nb6 13. Ne5 Nxc4 14. Qxc4 Nd5 15. Nxg6 hxg6 16. Ne4 Bxh2+ 17. Kxh2 Qh4+ 18. Kg1 Qxe4 19. Bd2 Nb6 20. Qb4 Rad8 21. Bc3 Rfe8 22. Rfe1 Qd5 23. a4 Qd7 24. Qa5 Qc7 25. Qg5 Nd5 26. a5 Qf4 27. Bd2 Qxd4 28. Red1 Qf6 29. Qg3 Qe5 30. Qb3 Qc7 31. Bg5 Rd6 32. Bh4 Rde6 33. Bg3 Qe7 34. a6 b6 35. Rac1 Nb4 36. Qc4 c5 37. Bh4 g5 38. Bg3 Qf6 39. b3 Qf5 40. Qb5 Nc6 41. f3 g4 42. Rf1 Nd4 43. Qd7 Ne2+ 0-1